000 00913nam a2200253Ia 4500
003 GCL
008 140319s9999 xx 000 0 ara d
020 _a7329270977
040 _aGCL /
_cGCL
082 0 4 _a020.9
_bش ك
100 1 _aعبدالستار الطويلة
245 1 0 _aالكتب والمكتبات فى العصور الوسطى :
_bالشرق المسلم . الشرق الاقصى /
_cعبدالستار الطويلة
250 _aالاولى
260 _aالقاهرة :
_bالدار المصرية اللبنانية ،
_c1997
300 _a576 ص ؛
_c24 سم
650 0 4 _aالوراقة
650 0 4 _aالعصور الوسطى
650 0 4 _aالمكتبات العامة
650 0 4 _aالمكتبات المدرسية
650 0 4 _aالمكتبات الاسلامية
650 0 4 _aالكتب - تاريخ
650 0 4 _aالمكتبات - تاريخ
942 _2ddc
_cBK
999 _c52100
_d52100